| 000 | 01033nas a2200409 4500 | ||
|---|---|---|---|
| 001 | BR9202249 | ||
| 003 | BR-BrBNA | ||
| 005 | 20231205092454.0 | ||
| 007 | ta | ||
| 008 | 230509b bl.|||p| |||| 00| 00por d | ||
| 040 |
_aBR-BrBNA _bpor _cBiblioteca Nacional de Agricultura |
||
| 041 | _a(Pt) | ||
| 072 | _aL73 | ||
| 100 | 1 | _aMarques, D.C. | |
| 245 | 1 | _aDoencas infecciosas e parasitarias | |
| 650 | _aBOVINO | ||
| 650 | _aDOENCA ANIMAL | ||
| 650 | _aTUBERCULOSE | ||
| 650 | _aVIBRIOSE | ||
| 650 | _aBACTERIA | ||
| 650 | _aFUNGO | ||
| 650 | _aDERMATOMICOSE | ||
| 650 | _aPROTOZOARIO | ||
| 650 | _aANAPLASMOSE | ||
| 650 | _aBABESIOSE | ||
| 650 | _aDICTIOCAULOSE | ||
| 650 | _aEIMERIOSE | ||
| 650 | _aGASTRENTERITE | ||
| 650 | _aSINTOMA | ||
| 650 | _aTRICOMONOSE | ||
| 650 | _aPARASITO DE ANIMAL | ||
| 650 | _aDIAGNOSTICO | ||
| 650 | _aERRADICACAO | ||
| 773 | 0 |
_tZebu no Brasil (Brazil) _x _g(1987), v. 16(120) p. 9-51 _wBR9202249 |
|
| 909 |
_a202311 _bLúcia _c55 _dLúcia Elande |
||
| 942 |
_2AGRIS _n0 _cANA |
||
| 999 |
_c131956 _d131956 |
||